|
|
|
|
| LEADER |
00000nab a2200000 a 4500 |
| 001 |
vtls008632608 |
| 003 |
SK-MaSNL |
| 005 |
20260304015517.0 |
| 008 |
140515c2006 xo wr|p|||||||000 b|slo |
| 015 |
|
|
|a SNBRB2006/03
|2 snkbucl
|
| 040 |
|
|
|a SNKBUCL
|b slo
|c SNKBUCL
|e AACR2
|
| 041 |
0 |
|
|a slo
|
| 044 |
|
|
|a xo
|c SK
|
| 080 |
|
|
|a 658.114.1-051
|2 2001
|
| 080 |
|
|
|a 64.024-051
|2 2001
|
| 080 |
|
|
|a 929 Hilton, Conrad
|2 2001
|
| 100 |
1 |
|
|a Krivošík, Lukáš,
|d 1983-
|4 aut
|9 78603
|
| 245 |
1 |
0 |
|a Hilton
|c Lukáš Krivošík
|
| 300 |
|
|
|b Fotogr.
|
| 600 |
1 |
7 |
|a Hilton, Conrad
|d 1887-1979
|2 snkbucl
|9 1296783
|
| 773 |
0 |
|
|t Týždeň
|g Roč. III, č. 10 (2006), s.[34-35]
|x 1336-5932
|
| 852 |
|
|
|a SNK
|b KIS3GCP
|
| 958 |
|
|
|a US
|
| 958 |
|
|
|a BC
|
| 999 |
|
|
|c 2591981
|d 2593911
|